| 000 | 00385nam a2200157Ia 4500 | ||
|---|---|---|---|
| 003 | OSt | ||
| 005 | 20240201110551.0 | ||
| 008 | 170524s9999 xx 000 0 und d | ||
| 020 | _a978-9350978290 | ||
| 040 | _cIIMT UNIVERSITY | ||
| 100 | _aDesai Vasant | ||
| 100 | _c2011 | ||
| 245 | 0 | _aENTREPRENEURSHIP & SMALL BUSINESS MANAGEMENT | |
| 260 | _aHimalaya Pub. House | ||
| 942 |
_2ddc _c02 |
||
| 999 |
_c2540 _d2540 |
||